<?xml version="1.0" encoding="UTF-8"?>
<record
    xmlns:xsi="http://www.w3.org/2001/XMLSchema-instance"
    xsi:schemaLocation="http://www.loc.gov/MARC21/slim http://www.loc.gov/standards/marcxml/schema/MARC21slim.xsd"
    xmlns="http://www.loc.gov/MARC21/slim">

  <leader>03440nam a2200409 a 4500</leader>
  <controlfield tag="001">ebr10177923</controlfield>
  <controlfield tag="003">CaPaEBR</controlfield>
  <controlfield tag="006">m        u        </controlfield>
  <controlfield tag="007">cr cn|||||||||</controlfield>
  <controlfield tag="008">060608s2005    enka    sb    001 0 eng d</controlfield>
  <datafield tag="010" ind1=" " ind2=" ">
    <subfield code="z">  2006275639</subfield>
  </datafield>
  <datafield tag="015" ind1=" " ind2=" ">
    <subfield code="a">GBA558614</subfield>
    <subfield code="2">bnb</subfield>
  </datafield>
  <datafield tag="016" ind1="7" ind2=" ">
    <subfield code="z">013250433</subfield>
    <subfield code="2">Uk</subfield>
  </datafield>
  <datafield tag="020" ind1=" " ind2=" ">
    <subfield code="z">0199277443 (cased)</subfield>
  </datafield>
  <datafield tag="024" ind1="3" ind2=" ">
    <subfield code="a">9780199277445</subfield>
  </datafield>
  <datafield tag="040" ind1=" " ind2=" ">
    <subfield code="a">CaPaEBR</subfield>
    <subfield code="c">CaPaEBR</subfield>
  </datafield>
  <datafield tag="035" ind1=" " ind2=" ">
    <subfield code="a">(OCoLC)243598233</subfield>
  </datafield>
  <datafield tag="050" ind1="1" ind2="4">
    <subfield code="a">HD30.28</subfield>
    <subfield code="b">.F764 2005eb</subfield>
  </datafield>
  <datafield tag="082" ind1="0" ind2="4">
    <subfield code="a">658.152</subfield>
    <subfield code="2">22</subfield>
  </datafield>
  <datafield tag="084" ind1=" " ind2=" ">
    <subfield code="a">85.10</subfield>
    <subfield code="2">bcl</subfield>
  </datafield>
  <datafield tag="245" ind1="0" ind2="0">
    <subfield code="a">From resource allocation to strategy</subfield>
    <subfield code="h">[electronic resource] /</subfield>
    <subfield code="c">edited by Joseph L. Bower and Clark G. Gilbert.</subfield>
  </datafield>
  <datafield tag="260" ind1=" " ind2=" ">
    <subfield code="a">Oxford :</subfield>
    <subfield code="b">Oxford University Press,</subfield>
    <subfield code="c">2005.</subfield>
  </datafield>
  <datafield tag="300" ind1=" " ind2=" ">
    <subfield code="a">xvii, 482 p. :</subfield>
    <subfield code="b">ill.</subfield>
  </datafield>
  <datafield tag="504" ind1=" " ind2=" ">
    <subfield code="a">Includes bibliographical references and index.</subfield>
  </datafield>
  <datafield tag="505" ind1="0" ind2=" ">
    <subfield code="a">Linking resource allocation to strategy / Joseph L. Bower, Yves L. Doz, Clark G. Gilbert -- Modleing the resource allocation process / Joseph L. Bower -- The role of strategy making in organizational evolution / Robert A. Burgelman -- Anomaly-seeking research : thirty years of theory development in resource allocation theory / Clark G. Gilbert, Clayton M. Christensen -- When the bottom-up resource allocation process fails / Donald N. Sull -- Customer power, strategic investment, and the failure of leading firms / Clayton M. Christensen, Joseph L. Bower -- No exit : the failure of bottom-up strategic processes and the role of top-down disinvestment / Donald N. Sull -- The process of international expansion : comparing established firms and entrepreneurial start-ups / Walter Kuemmerle -- Restoring the bottom-up process of resource allocation / Clark G. Gilbert -- Strategy making as an iterated process of resource allocation / Tomo Noda, Joseph L. Bower -- Beyond resource allocation : how definition and impetus interact to shape strategic outcomes / Clark G. Gilbert -- Corporate intervention in resource allocation / Thomas R. Eisenmann -- The entrepreneurial m-form : a case study of strategic integration in a global media company / Thomas R. Eisenmann, Joseph L. Bower -- Strategic flexibility : corporate-level real options as a response to uncertainty in the pursuit of strategic integration / Michael E. Raynor -- Resource allocation processes in multidimensional organizations : MNCs and alliances / Yves L. Doz -- Resource allocation, strategy, and organization : an economist's thoughts / John Roberts -- Comments on the resource allocation  process / Daniel A. Levinthal -- Research complementarities : a resource-based view of the resource allocation process model (and vice versa) / Margaret A. Peteraf -- CEO as change agent? / Joel M. Podolny -- A revised model of the resource allocation  process / Joseph L. Bower, Clark G. Gilbert.</subfield>
  </datafield>
  <datafield tag="533" ind1=" " ind2=" ">
    <subfield code="a">Electronic reproduction.</subfield>
    <subfield code="b">Palo Alto, Calif. :</subfield>
    <subfield code="c">ebrary,</subfield>
    <subfield code="d">2013.</subfield>
    <subfield code="n">Available via World Wide Web.</subfield>
    <subfield code="n">Access may be limited to ebrary affiliated libraries.</subfield>
  </datafield>
  <datafield tag="650" ind1=" " ind2="0">
    <subfield code="a">Strategic planning.</subfield>
  </datafield>
  <datafield tag="650" ind1=" " ind2="0">
    <subfield code="a">Resource allocation</subfield>
    <subfield code="x">Decision making.</subfield>
  </datafield>
  <datafield tag="650" ind1=" " ind2="0">
    <subfield code="a">Capital budget.</subfield>
  </datafield>
  <datafield tag="650" ind1="1" ind2="7">
    <subfield code="a">Strategisch management.</subfield>
    <subfield code="2">gtt</subfield>
  </datafield>
  <datafield tag="650" ind1="1" ind2="7">
    <subfield code="a">Strategische planning.</subfield>
    <subfield code="2">gtt</subfield>
  </datafield>
  <datafield tag="655" ind1=" " ind2="7">
    <subfield code="a">Electronic books.</subfield>
    <subfield code="2">local</subfield>
  </datafield>
  <datafield tag="700" ind1="1" ind2=" ">
    <subfield code="a">Bower, Joseph L.</subfield>
  </datafield>
  <datafield tag="700" ind1="1" ind2=" ">
    <subfield code="a">Gilbert, Clark G.</subfield>
  </datafield>
  <datafield tag="710" ind1="2" ind2=" ">
    <subfield code="a">ebrary, Inc.</subfield>
  </datafield>
  <datafield tag="856" ind1="4" ind2="0">
    <subfield code="u">http://site.ebrary.com/lib/rucke/Doc?id=10177923</subfield>
    <subfield code="z">An electronic book accessible through the World Wide Web; click to view</subfield>
  </datafield>
  <datafield tag="999" ind1=" " ind2=" ">
    <subfield code="c">141202</subfield>
    <subfield code="d">141202</subfield>
  </datafield>
</record>
